Sobre la muerte y los moribundos
Saved in:
| Hovedforfatter: | |
|---|---|
| Format: | Bog |
| Sprog: | spansk |
| Udgivet: |
Barcelona
Grijalbo
1994
|
| Serier: | Autoayuda y Superación
|
| Fag: | |
| Tags: |
Tilføj Tag
Ingen Tags, Vær først til at tagge denne postø!
|
MARC
| LEADER | 00000nam a2200000 a 4500 | ||
|---|---|---|---|
| 001 | UCQ2708 | ||
| 003 | CL-VaPUC | ||
| 008 | 980724e19940000SP |||||||||||||||||spa|d | ||
| 082 | 0 | 4 | |a 155.937 |b KUB |2 21 |
| 100 | |a Kübler-Ross, Elisabeth |e author |9 448846 | ||
| 245 | 1 | 0 | |a Sobre la muerte y los moribundos |
| 300 | |a 360 p | ||
| 942 | |c BK | ||
| 945 | |d 19980724 00:00:00 |a mvenant | ||
| 260 | |a Barcelona |b Grijalbo |c 1994 | ||
| 650 | 0 | |a Muerte |9 265114 | |
| 650 | 0 | |a Aspectos psicológicos |9 258128 | |
| 650 | 0 | |a Filosofía del espíritu |9 320175 | |
| 583 | |a last modification |c 19980724 00:00:00 |k Rodrigo Vera | ||
| 490 | 0 | |a Autoayuda y Superación | |
| 999 | |c 273479 |d 273477 | ||
| 952 | |0 0 |1 0 |4 0 |6 155_937000000000000_KUB_1994 |7 0 |8 A |9 309061 |a BIBGIM |b BIBGIM |d 2019-11-20 |i 3447812 |o 155.937 KUB 1994 |p 3447812 |r 2025-01-15 |w 2019-11-20 |y BK |k ORI | ||